| 000 | 01038nam a22003137a 4500 | ||
|---|---|---|---|
| 003 | CHAP | ||
| 005 | 20220329141041.0 | ||
| 008 | 971013s1995 r 00010 d | ||
| 010 | _a61883 | ||
| 011 | _a62855 | ||
| 035 | _a67031 | ||
| 040 | _cCHAP | ||
| 090 | _aFolleto 14840 | ||
| 100 | 0 | 0 |
_aRosso, Beatríz S. _9100230 |
| 245 | _aDeterminación del momento óptimo para la cosecha de semilla de falaris bulbosa (Phalaris aquatica L.) | ||
| 260 |
_aPergamino, Arg. : _bInstituto Nacional de Tecnología Agropecuaria, _c1995 |
||
| 300 |
_a12 p. _b: gráfs. |
||
| 490 |
_aInforme técnico _v; 305 |
||
| 590 |
_aBATCH-UPD _b10 _c20130110 _lUCH01 _h1434 |
||
| 590 |
_aBATCH-UPD _b10 _c20130410 _lUCH01 _h0909 |
||
| 590 |
_aBATCH-UPD _b10 _c20130914 _lUCH01 _h0248 |
||
| 590 |
_aCONVERSION _b10 _c20130109 _lUCH01 _h1333 |
||
| 650 | 1 | 4 |
_aAlpiste. _94638 |
| 650 | 1 | 4 |
_aSemillas _xRendimiento. _9103930 |
| 830 | 0 |
_aInforme técnico _v; 305 _958143 |
|
| 901 | _aBK | ||
| 942 | _cFOLL | ||
| 949 |
_aFolleto 14840 _bBC _cFOLL _d-152274 _eTS1 _i67031 _si |
||
| 999 |
_c61883 _d61883 |
||